[Event "24th ch-EUR Indiv 2024"]
[Site "Petrovac MNE"]
[Date "2024.11.08"]
[Round "1.64"]
[White "Yilmaz, Mustafa"]
[Black "Kubicka, Anna"]
[Result "1-0"]
[WhiteTitle "GM"]
[BlackTitle "WIM"]
[WhiteElo "2568"]
[BlackElo "2235"]
[WhiteFideId "6302718"]
[BlackFideId "1152254"]
[EventDate "2024.11.08"]

1. d4 Nf6 2. c4 e6 3. Nf3 b6 4. a3 Bb7 5. Nc3 Ne4 6. Nxe4 Bxe4 7. e3 Be7 8. Bd3
Bxd3 9. Qxd3 O-O 10. e4 d5 11. O-O dxe4 12. Qxe4 Nd7 13. Rd1 Nf6 14. Qe2 Qe8 15.
Bf4 Rc8 16. Rac1 h6 17. Rc3 b5 18. d5 Bd6 19. dxe6 Qxe6 20. Qxe6 fxe6 21. Be3 b4
22. axb4 Bxb4 23. Rcc1 a5 24. h3 Rfe8 25. Ra1 Rcd8 26. Rxd8 Rxd8 27. Nd4 Rd6 28.
Nb3 Rc6 29. Rc1 e5 30. Kf1 Kf7 31. Ke2 Ke6 32. Bd2 Bxd2 33. Nxd2 a4 34. Kd3 Rb6
35. Kc2 Kf5 36. Ra1 Rb4 37. Kc3 c5 38. Re1 Rb8 39. Ra1 Rb4 40. Re1 Rb8 41. Kc2
g5 42. Nf1 h5 43. Rd1 Ke6 44. Nd2 Rb4 45. Re1 Kf5 46. Re3 g4 47. hxg4+ hxg4 48.
Re1 Nd7 49. Rh1 Nb6 50. Kc3 Nd7 51. Rh7 Nf6 52. Rf7 Rb8 53. Kc2 Rh8 54. Nf1 Ke6
55. Rc7 Ne4 56. Ne3 Kd6 57. Ra7 Nxf2 58. Ra6+ Kd7 59. Rxa4 g3 60. Ra7+ Kc6 61.
Rg7 Ne4 62. Rg6+ Kd7 63. Rg4 Nd6 64. Rxg3 Rf8 65. Rg7+ Ke6 66. Rg6+ Kd7 67. b3
Rf2+ 68. Kc3 Re2 69. Nd5 Nf5 70. Nb6+ Kc7 71. Na4 Re3+ 72. Kb2 Re2+ 73. Ka3 Ne3
74. Nxc5 Rxg2 75. Rxg2 Nxg2 76. Ne4 Ne3 77. Kb4 Kc6 78. Kc3 Nf5 79. b4 Nd4 80.
Kd3 Kb6 81. Nf6 Kc6 82. Ng4 Kd6 83. Ne3 Nb3 84. Nf5+ Ke6 85. Ng3 Kd6 86. Ne2 Ke6
87. Kc3 1-0

[Event "24th ch-EUR Indiv 2024"]
[Site "Petrovac MNE"]
[Date "2024.11.08"]
[Round "1.65"]
[White "Pycinski, Wladyslaw"]
[Black "Dragnev, Valentin"]
[Result "0-1"]
[BlackTitle "GM"]
[WhiteElo "2230"]
[BlackElo "2566"]
[WhiteFideId "21054509"]
[BlackFideId "1634852"]
[EventDate "2024.11.08"]

1. e4 c6 2. Nf3 d5 3. Nc3 Bg4 4. h3 Bxf3 5. Qxf3 e6 6. Be2 Bc5 7. O-O Nd7 8.
exd5 cxd5 9. Nb5 a6 10. d4 Be7 11. Nc3 Ngf6 12. Bd3 O-O 13. Bf4 Qb6 14. Ne2 Bd6
15. Bxd6 Qxd6 16. c3 b5 17. a3 Nb6 18. Ng3 Nc4 19. Nh5 Nd7 20. Qe2 Rac8 21. Rfe1
Rfe8 22. Ng3 g6 23. Nf1 e5 24. Bxc4 bxc4 25. dxe5 Nxe5 26. Qd2 Re6 27. Rad1 Rb8
28. Re3 Nd3 29. b4 Rbe8 30. Qc2 h5 31. Rd2 Rxe3 32. Nxe3 Nxf2 33. Nxd5 Nxh3+ 34.
Kf1 Qh2 35. gxh3 Qh1+ 36. Kf2 Qh2+ 37. Kf1 Qxh3+ 38. Kf2 Qh2+ 39. Kf1 Qh1+ 40.
Kf2 Qe1+ 41. Kf3 Qf1+ 42. Kg3 h4+ 43. Kxh4 Qf3 44. Rg2 Re4+ 45. Qxe4 Qxe4+ 46.
Kg5 Qxd5+ 47. Kh6 Qh5# 0-1

[Event "24th ch-EUR Indiv 2024"]
[Site "Petrovac MNE"]
[Date "2024.11.08"]
[Round "1.66"]
[White "Kadric, Denis"]
[Black "Durucay, Uygar"]
[Result "1-0"]
[WhiteTitle "GM"]
[BlackTitle "FM"]
[WhiteElo "2562"]
[BlackElo "2226"]
[WhiteFideId "14403803"]
[BlackFideId "44591560"]
[EventDate "2024.11.08"]

1. d3 d5 2. Nf3 Nf6 3. Nbd2 Bf5 4. Nh4 Bg6 5. Nxg6 hxg6 6. g3 c6 7. Bg2 Nbd7 8.
O-O e5 9. c4 dxc4 10. Nxc4 Be7 11. b4 Qc7 12. Qb3 Nb6 13. Na5 a6 14. Bb2 O-O 15.
Rfc1 Bd6 16. a4 Nbd5 17. Nc4 Nxb4 18. a5 c5 19. Ba3 Rab8 20. Bxb4 cxb4 21. Nxe5
Qd8 22. Nxg6 Re8 23. e3 Rc8 24. Rxc8 Qxc8 25. Nf4 Qc7 26. Ne2 Re5 27. Qa4 Rb5
28. Nd4 Rc5 29. Nb3 Rc2 30. Rf1 Rc3 31. Rd1 Bf8 32. Bf3 Nd7 33. d4 b5 34. Qa2
Qc4 35. Rb1 g6 36. Rb2 Bg7 37. Kg2 Bf8 38. h4 Nf6 39. Qb1 Be7 40. e4 Kg7 41. e5
Nd5 42. h5 Nc7 43. hxg6 fxg6 44. Be4 g5 45. Qh1 Qg8 46. Qh5 Kf8 47. d5 Nxd5 48.
Qh6+ Ke8 49. Rd2 Bf8 50. Qh5+ 1-0

[Event "24th ch-EUR Indiv 2024"]
[Site "Petrovac MNE"]
[Date "2024.11.08"]
[Round "1.67"]
[White "Noy, Eyal"]
[Black "Sanal, Vahap"]
[Result "0-1"]
[WhiteTitle "CM"]
[BlackTitle "GM"]
[WhiteElo "2226"]
[BlackElo "2561"]
[WhiteFideId "2821117"]
[BlackFideId "6300545"]
[EventDate "2024.11.08"]

1. d4 Nf6 2. c4 e6 3. Nf3 d5 4. g3 Be7 5. Bg2 O-O 6. O-O a5 7. Qc2 c6 8. Nbd2
Na6 9. e4 Nb4 10. Qb1 c5 11. a3 Nc6 12. cxd5 exd5 13. dxc5 Bxc5 14. Qc2 Ba7 15.
exd5 Qxd5 16. Nh4 Nd4 17. Qd1 Qb5 18. a4 Qa6 19. Nhf3 Ne2+ 20. Kh1 Ng4 21. Ne4
Bf5 22. h3 Rad8 23. Qb3 Bxe4 24. hxg4 Rd3 25. Qc2 Bxf3 0-1

[Event "24th ch-EUR Indiv 2024"]
[Site "Petrovac MNE"]
[Date "2024.11.08"]
[Round "1.68"]
[White "Can, Emre"]
[Black "Biliskov, Vjekoslav"]
[Result "1-0"]
[WhiteTitle "GM"]
[BlackTitle "FM"]
[WhiteElo "2559"]
[BlackElo "2225"]
[WhiteFideId "6302181"]
[BlackFideId "14502720"]
[EventDate "2024.11.08"]

1. e4 c5 2. Nf3 a6 3. c3 d5 4. exd5 Qxd5 5. d4 Nf6 6. Be3 cxd4 7. cxd4 e6 8. Nc3
Qd6 9. Bd3 Nc6 10. a3 Be7 11. O-O O-O 12. Qc2 Bd7 13. Rad1 Qc7 14. d5 Ne5 15.
Nxe5 Qxe5 16. Bd4 Qh5 17. Be2 Qh4 18. d6 Bd8 19. Bf3 Bc6 20. Bxc6 bxc6 21. Bxf6
Bxf6 22. Ne4 Rab8 23. b4 Be5 24. g3 Qh5 25. Nc5 Rfd8 26. d7 a5 27. Qe4 axb4 28.
axb4 Rb6 29. Rd3 Bc7 30. Rfd1 Qf5 31. Qxf5 exf5 32. Re1 Kf8 33. Rde3 Rbb8 34.
Re8+ 1-0

[Event "24th ch-EUR Indiv 2024"]
[Site "Petrovac MNE"]
[Date "2024.11.08"]
[Round "1.69"]
[White "Kalavannan, Koby"]
[Black "Vogel, Roven"]
[Result "0-1"]
[WhiteTitle "FM"]
[BlackTitle "GM"]
[WhiteElo "2225"]
[BlackElo "2558"]
[WhiteFideId "425753"]
[BlackFideId "12908088"]
[EventDate "2024.11.08"]

1. Nf3 Nf6 2. g3 c5 3. Bg2 Nc6 4. c4 g6 5. b3 Bg7 6. Bb2 d6 7. O-O O-O 8. d4
cxd4 9. Nxd4 Bd7 10. Nc3 Qa5 11. Nd5 Nxd5 12. cxd5 Nxd4 13. Bxd4 Qb4 14. Bxg7
Kxg7 15. Qc1 Rfc8 16. Qg5 Bf5 17. e4 f6 18. Qe3 Rc3 19. a3 Qxb3 20. Qf4 Bc8 21.
Rfc1 Rxc1+ 22. Qxc1 Qb6 23. Rb1 Qd8 24. Rb4 Rb8 25. Qe3 Qa5 26. Bf1 Bd7 27. Qb3
b6 28. a4 Rc8 29. h4 Rc1 30. Kg2 Qc5 31. Qb2 a5 32. Rd4 Rc2 33. Qa1 Ra2 34. Qd1
Bxa4 35. Rxa4 Qxf2+ 36. Kh3 Qh2+ 37. Kg4 h5+ 38. Kf4 Qf2+ 39. Qf3 Qxf3+ 40. Kxf3
Rxa4 0-1

[Event "24th ch-EUR Indiv 2024"]
[Site "Petrovac MNE"]
[Date "2024.11.08"]
[Round "1.70"]
[White "Livaic, Leon"]
[Black "Berin, Artem"]
[Result "1/2-1/2"]
[WhiteTitle "GM"]
[BlackTitle "FM"]
[WhiteElo "2557"]
[BlackElo "2224"]
[WhiteFideId "14531534"]
[BlackFideId "14189100"]
[EventDate "2024.11.08"]

1. Nf3 d5 2. g3 c5 3. Bg2 Nc6 4. d4 e6 5. O-O Nf6 6. c4 dxc4 7. dxc5 Qxd1 8.
Rxd1 Bxc5 9. Nbd2 c3 10. bxc3 O-O 11. Nb3 Be7 12. Nfd4 Nxd4 13. cxd4 Nd5 14. Na5
f5 15. Bd2 b6 16. Nc6 Ba3 17. Bxd5 exd5 18. Bb4 Bxb4 19. Nxb4 Bb7 20. a4 a5 21.
Nd3 Ba6 22. Rab1 Rf6 23. Ne5 Bxe2 24. Rdc1 Bh5 25. Rc7 Be8 26. Rbc1 Bxa4 27. Rb7
Be8 28. Rcc7 h6 29. Rxg7+ Kf8 30. Rh7 Kg8 31. Rhg7+ Kf8 32. Rh7 Kg8 33. Rhg7+
Kf8 1/2-1/2

[Event "24th ch-EUR Indiv 2024"]
[Site "Petrovac MNE"]
[Date "2024.11.08"]
[Round "1.71"]
[White "Nalbandyan, Vahan"]
[Black "Asadli, Vugar"]
[Result "0-1"]
[BlackTitle "GM"]
[WhiteElo "2223"]
[BlackElo "2554"]
[WhiteFideId "13309439"]
[BlackFideId "13405764"]
[EventDate "2024.11.08"]

1. e4 e5 2. Nf3 Nc6 3. Bb5 a6 4. Ba4 Nf6 5. d3 d6 6. c3 g6 7. O-O Bg7 8. Re1 O-O
9. Nbd2 Re8 10. Nf1 b5 11. Bb3 h6 12. h3 Na5 13. Bc2 c5 14. Be3 Bb7 15. Qd2 Kh7
16. Ng3 Rc8 17. b4 cxb4 18. cxb4 Nc6 19. Bb3 Re7 20. a3 a5 21. Rac1 axb4 22.
axb4 d5 23. Bc5 Rd7 24. Qe2 d4 25. Qd2 Ne8 26. h4 Nc7 27. h5 Qf6 28. Nh2 Na6 29.
hxg6+ Qxg6 30. Nf5 Bf6 31. Nf3 Rg8 32. g3 Bg5 33. Nxg5+ Qxg5 34. Qxg5 Rxg5 35.
Nd6 Ncxb4 36. Nxf7 Nxc5 37. Rxc5 Nxd3 38. Nxg5+ hxg5 39. Rec1 Nxc1 40. Rxc1 Bxe4
41. Re1 Bf3 42. Rxe5 d3 43. g4 d2 44. Rxb5 d1=Q+ 45. Bxd1 Rxd1+ 46. Kh2 Kg6 47.
Rb6+ Kf7 48. Rb3 Bd5 49. Re3 Kf6 50. f3 Rd2+ 51. Kg3 Rb2 52. Rd3 Ke5 53. Re3+
Kd6 54. Rc3 Rb4 55. Ra3 Rf4 56. Re3 Rf8 57. Kg2 Rf7 58. Kg3 Rf4 59. Kf2 Kc5 60.
Ra3 Kd4 61. Ke2 Rf8 62. Kf2 Rb8 63. Kg3 Rb1 64. Kf2 Rb3 65. Ra4+ Ke5 0-1

[Event "24th ch-EUR Indiv 2024"]
[Site "Petrovac MNE"]
[Date "2024.11.08"]
[Round "1.72"]
[White "Socko, Bartosz"]
[Black "Bartel, Michal"]
[Result "1/2-1/2"]
[WhiteTitle "GM"]
[BlackTitle "FM"]
[WhiteElo "2554"]
[BlackElo "2222"]
[WhiteFideId "1107038"]
[BlackFideId "1119257"]
[EventDate "2024.11.08"]

1. e4 d5 2. exd5 Qxd5 3. Nc3 Qd6 4. d4 Nf6 5. Nf3 c6 6. Ne5 Bf5 7. Bc4 e6 8. g4
Be4 9. Nxe4 Nxe4 10. Qf3 Nf6 11. c3 h6 12. Bf4 Qe7 13. g5 hxg5 14. Bxg5 Nbd7 15.
Nd3 Nb6 16. Bb3 Qc7 17. O-O-O Be7 18. Rhe1 Nfd5 19. Bd2 Nd7 20. c4 N5f6 21. Kb1
Kf8 22. c5 Kg8 23. Bf4 Qd8 24. Rg1 Nd5 25. Qg3 Bf6 26. Be5 Rh7 27. Bc2 g6 28.
Nf4 Bxe5 29. dxe5 Nxf4 30. Qxf4 Qe7 31. Rd6 Nxc5 32. Qd4 b6 33. b4 Rh4 34. f4
Na6 35. a3 c5 36. Qd3 c4 37. Qxc4 Nc7 38. Qc6 Rc8 39. Rgd1 Qe8 40. Qxe8+ Rxe8
41. Be4 Nb5 42. R6d3 Rc8 43. Kb2 Rxf4 44. Bb7 Rf2+ 45. Kb3 Rcc2 46. h4 Kg7 47.
Rg3 Rce2 48. Rd7 Rxe5 49. a4 Rf4 50. axb5 Rxb5 51. Ka3 a5 52. bxa5 Rxa5+ 53. Kb3
Rh5 54. Bc6 Rhxh4 55. Rb7 Rb4+ 56. Ka3 Rhf4 1/2-1/2

[Event "24th ch-EUR Indiv 2024"]
[Site "Petrovac MNE"]
[Date "2024.11.08"]
[Round "1.73"]
[White "Aslanov, Umid"]
[Black "Parligras, Mircea-Emilian"]
[Result "0-1"]
[WhiteTitle "CM"]
[BlackTitle "GM"]
[WhiteElo "2222"]
[BlackElo "2550"]
[WhiteFideId "13412620"]
[BlackFideId "1204297"]
[EventDate "2024.11.08"]

1. e4 c5 2. Nf3 d6 3. d4 cxd4 4. Nxd4 Nf6 5. Nc3 a6 6. Bc4 e6 7. Bb3 b5 8. Bg5
Be7 9. Qf3 Qc7 10. O-O-O Nbd7 11. e5 Bb7 12. Qg3 Nxe5 13. Bxe6 fxe6 14. f4 Bc8
15. fxe5 dxe5 16. Rhe1 b4 17. Na4 O-O 18. Nf3 Qa5 19. b3 e4 20. Qe5 Qb5 21. Bxf6
Bxf6 22. Qxe4 Ra7 23. Nd4 Qg5+ 24. Kb1 e5 25. Nc6 Rc7 26. Qc4+ Kh8 27. Qxb4 Re8
28. Qb6 Rb7 29. Qc5 Rc7 30. Qb6 Rd7 31. Rxd7 Bxd7 32. Qc5 Qxg2 33. Nxe5 Qd2 34.
Rf1 Bxa4 35. Nf7+ Kg8 36. Nh6+ Qxh6 0-1

[Event "24th ch-EUR Indiv 2024"]
[Site "Petrovac MNE"]
[Date "2024.11.08"]
[Round "1.74"]
[White "Petkov, Momchil"]
[Black "Lauda, Alexandr"]
[Result "1-0"]
[WhiteTitle "GM"]
[BlackTitle "CM"]
[WhiteElo "2549"]
[BlackElo "2222"]
[WhiteFideId "2921642"]
[BlackFideId "13903179"]
[EventDate "2024.11.08"]

1. e4 c5 2. Nf3 Nc6 3. Bb5 g5 4. Nxg5 Nf6 5. Nc3 Rg8 6. d3 h6 7. Nf3 Rxg2 8. e5
Ng8 9. e6 dxe6 10. Ne5 Qd4 11. Be3 Qxe5 12. Bxc6+ bxc6 13. Qf3 Rb8 14. Qxg2 Rxb2
15. Kd2 Bg7 16. Qxc6+ Bd7 17. Qxc5 Qb8 18. Rhg1 Kf8 19. Rg2 Ba4 20. Nxa4 Rb5 21.
Nb6 Qe8 22. Qc7 axb6 23. Rag1 Rg5 24. Bxg5 hxg5 25. Rxg5 Bh6 26. Qf4 Nf6 27. Qh4
Ng8 28. f4 1-0

[Event "24th ch-EUR Indiv 2024"]
[Site "Petrovac MNE"]
[Date "2024.11.08"]
[Round "1.75"]
[White "Orian, Noga"]
[Black "Paichadze, Luka"]
[Result "0-1"]
[WhiteTitle "WIM"]
[BlackTitle "GM"]
[WhiteElo "2221"]
[BlackElo "2546"]
[WhiteFideId "2836475"]
[BlackFideId "13602934"]
[EventDate "2024.11.08"]

1. d4 Nf6 2. c4 e6 3. Nf3 b6 4. a3 Bb7 5. Nc3 d5 6. cxd5 Nxd5 7. Bd2 Be7 8. Qc2
O-O 9. e4 Nxc3 10. Bxc3 c5 11. dxc5 bxc5 12. Rd1 Qc7 13. Bd3 Nd7 14. Qe2 Nb6 15.
O-O Bd6 16. Bc2 Bc6 17. Ba5 Rad8 18. Rfe1 Qb7 19. e5 Be7 20. Rxd8 Rxd8 21. Be4
Bxe4 22. Qxe4 Rd5 23. Qc2 Qd7 24. Nd2 h6 25. Nc4 Nxc4 26. Qxc4 Rd4 27. Qc2 c4
28. h3 Bc5 29. Re4 Rd1+ 30. Re1 Rd5 31. Qxc4 Bxf2+ 32. Kxf2 Rxa5 33. Re3 Rd5 34.
Qc3 Rd1 35. Re1 Rd3 36. Qc4 Qd8 37. Re3 Rd2+ 38. Re2 Qb6+ 39. Ke1 Rd8 40. Kf1
Rd1+ 41. Re1 Rxe1+ 42. Kxe1 Qxb2 43. Qc8+ Kh7 44. Qc7 Qxa3 45. Qxf7 Qa1+ 46. Kf2
Qd4+ 47. Kf1 Qc4+ 48. Kg1 a5 49. h4 Qd4+ 50. Kf1 Qxe5 0-1

[Event "24th ch-EUR Indiv 2024"]
[Site "Petrovac MNE"]
[Date "2024.11.08"]
[Round "1.76"]
[White "Gavrilescu, David"]
[Black "Lever, Erwan"]
[Result "1-0"]
[WhiteTitle "GM"]
[WhiteElo "2545"]
[BlackElo "2221"]
[WhiteFideId "1227190"]
[BlackFideId "20640099"]
[EventDate "2024.11.08"]

1. e4 c5 2. Nf3 Nc6 3. Bb5 e5 4. O-O Bd6 5. d4 Nxd4 6. Bc4 h6 7. Nxd4 cxd4 8. c3
Bc5 9. b4 Bb6 10. Qb3 Qe7 11. f4 d5 12. Bxd5 Nf6 13. fxe5 Nxd5 14. exd5 dxc3+
15. Kh1 Qxe5 16. Bf4 Qe7 17. Nxc3 O-O 18. d6 Qh4 19. Nd5 Bd7 20. Ne7+ Kh8 21.
Be5 Qg5 22. Rxf7 1-0

[Event "24th ch-EUR Indiv 2024"]
[Site "Petrovac MNE"]
[Date "2024.11.08"]
[Round "1.77"]
[White "Kawulok, Marek"]
[Black "Ivanisevic, Ivan"]
[Result "0-1"]
[BlackTitle "GM"]
[WhiteElo "2219"]
[BlackElo "2544"]
[WhiteFideId "337005"]
[BlackFideId "912417"]
[EventDate "2024.11.08"]

1. c4 b6 2. d4 e6 3. e4 Bb4+ 4. Bd2 Bxd2+ 5. Qxd2 d5 6. Bd3 Nc6 7. Nf3 dxe4 8.
Bxe4 Bb7 9. O-O Nf6 10. Bc2 O-O 11. b4 a5 12. b5 Ne7 13. Ne5 Qd6 14. Nc3 Rad8
15. Rad1 Nf5 16. Ne2 Qa3 17. Bb1 h6 18. Qd3 Qxd3 19. Rxd3 Nd7 20. Nxd7 Rxd7 21.
f3 c6 22. bxc6 Bxc6 23. Rfd1 Rc8 24. c5 Bb5 25. R3d2 Bxe2 26. Rxe2 Nxd4 27. Kf2
bxc5 28. Rb2 g5 29. h4 gxh4 30. Rbd2 Rd6 31. Rh1 Rb8 32. Bd3 Nf5 33. Rc1 Rbd8
34. Ke2 Ng3+ 35. Ke3 f5 36. Rxc5 f4+ 37. Kxf4 Rxd3 38. Rxd3 Rxd3 39. Rxa5 Kf7
40. Ke5 Re3+ 41. Kf4 Re2 42. Kg4 Rxg2 0-1

[Event "24th ch-EUR Indiv 2024"]
[Site "Petrovac MNE"]
[Date "2024.11.08"]
[Round "1.78"]
[White "Nasuta, Grzegorz"]
[Black "Rychagov, Nikita"]
[Result "1-0"]
[WhiteTitle "GM"]
[BlackTitle "CM"]
[WhiteElo "2543"]
[BlackElo "2217"]
[WhiteFideId "1141686"]
[BlackFideId "4508394"]
[EventDate "2024.11.08"]

1. e4 e5 2. Nf3 Nf6 3. Nxe5 d6 4. Nf3 Nxe4 5. d4 d5 6. Bd3 Bd6 7. O-O O-O 8. c4
c6 9. Qb3 Bg4 10. Bxe4 dxe4 11. Ng5 Be7 12. Nxe4 Qxd4 13. Nbc3 b6 14. Be3 Qd7
15. c5 b5 16. a4 Be6 17. Qc2 bxa4 18. Qxa4 Qb7 19. b4 Nd7 20. Rfd1 Ne5 21. Bf4
Nc4 22. Qa6 Qc8 23. Nd6 Bxd6 24. cxd6 Qb8 25. Qxc6 Qxb4 26. d7 Bxd7 27. Qxd7
Qxc3 28. Rac1 Qb3 29. Qd5 Rac8 30. Rd4 Rfe8 31. h3 h6 32. Rdxc4 Rcd8 33. Qf5 g5
34. Be3 Rd1+ 35. Kh2 Qb8+ 36. g3 Rxc1 37. Rxc1 1-0

[Event "24th ch-EUR Indiv 2024"]
[Site "Petrovac MNE"]
[Date "2024.11.08"]
[Round "1.79"]
[White "Mizzi, Jack"]
[Black "Ahmadzada, Ahmad"]
[Result "0-1"]
[WhiteTitle "CM"]
[BlackTitle "GM"]
[WhiteElo "2214"]
[BlackElo "2542"]
[WhiteFideId "5602521"]
[BlackFideId "13413007"]
[EventDate "2024.11.08"]

1. d4 Nf6 2. c4 e6 3. Nc3 Bb4 4. Bd2 d5 5. e3 O-O 6. Nf3 b6 7. cxd5 exd5 8. Bd3
Bb7 9. O-O Nbd7 10. Rc1 a6 11. a3 Bd6 12. b4 Ne4 13. Qb3 Re8 14. h3 Ndf6 15.
Rfd1 Qe7 16. Rb1 g5 17. Be1 Rad8 18. Ne2 g4 19. hxg4 Nxg4 20. Qb2 Qf6 21. Qc1
Qh6 22. Nf4 Ng5 23. Nxg5 Qh2+ 24. Kf1 Bxf4 25. Nh3 Bxe3 26. fxe3 Nxe3+ 0-1

[Event "24th ch-EUR Indiv 2024"]
[Site "Petrovac MNE"]
[Date "2024.11.08"]
[Round "1.80"]
[White "Keinanen, Toivo"]
[Black "Deveci, Huseyin Said"]
[Result "1-0"]
[WhiteTitle "IM"]
[BlackTitle "CM"]
[WhiteElo "2541"]
[BlackElo "2211"]
[WhiteFideId "509825"]
[BlackFideId "26322455"]
[EventDate "2024.11.08"]

1. g3 d5 2. Bg2 Nf6 3. Nf3 g6 4. c4 c6 5. Qa4 dxc4 6. Qxc4 Bg7 7. O-O O-O 8. d3
Qd5 9. Qh4 Qh5 10. Qxh5 Nxh5 11. Nc3 Na6 12. Bg5 Re8 13. Rfc1 Be6 14. Rab1 h6
15. Be3 Nb4 16. a3 Nd5 17. Bd4 Nb6 18. Ne4 Rad8 19. Bxg7 Nxg7 20. b4 a6 21. Nc5
Bc8 22. a4 Ne6 23. Nd2 Nd4 24. Kf1 e5 25. e3 Ne6 26. Ke2 Re7 27. h4 Kg7 28. Ndb3
f5 29. Nxe6+ Bxe6 30. Nc5 Bd5 31. Bh3 e4 32. d4 h5 33. Ke1 Ra8 34. Bf1 Kf6 35.
Be2 Rc7 36. Ra1 Ke7 37. Kd2 Kd6 38. Rc3 Re7 39. Kc1 Kc7 40. Kb2 Ree8 41. Raa3
Bf7 42. Rc1 Bd5 43. Raa1 Bg8 44. Rab1 Bd5 45. Rc2 Re7 46. Kc1 Ree8 47. Kd2 Ra7
48. Ke1 Raa8 49. b5 axb5 50. axb5 Ra2 51. Rxa2 Bxa2 52. Ra1 Bd5 53. Ra7 cxb5 54.
Bxb5 Re7 55. Kd2 Kd6 56. Ra1 Rc7 57. Rb1 Nc8 58. Na4 Ke7 59. Nc3 Bf7 60. Ba4 Nd6
61. Bb3 Bxb3 62. Rxb3 Nc4+ 63. Kc2 Ke6 64. Rb4 Kf7 65. Nb5 Nxe3+ 66. Kb3 1-0

[Event "24th ch-EUR Indiv 2024"]
[Site "Petrovac MNE"]
[Date "2024.11.08"]
[Round "1.81"]
[White "Shvedova, Alexandra"]
[Black "Kovalev, Vladislav"]
[Result "0-1"]
[WhiteTitle "WFM"]
[BlackTitle "GM"]
[WhiteElo "2206"]
[BlackElo "2539"]
[WhiteFideId "54154782"]
[BlackFideId "13504398"]
[EventDate "2024.11.08"]

1. e4 e5 2. Nf3 Nc6 3. Bc4 Bc5 4. O-O Nf6 5. d3 d6 6. c3 h6 7. Re1 a6 8. Bb3 Ba7
9. Nbd2 O-O 10. h3 Be6 11. Nf1 Re8 12. Ng3 d5 13. exd5 Bxd5 14. Bc2 Re6 15. Nf5
Ne7 16. Ne3 Bxe3 17. Bxe3 Ng6 18. d4 e4 19. Nd2 b5 20. b3 Rc6 21. c4 bxc4 22.
bxc4 Bxc4 23. Nxe4 Bd5 24. f3 Nh5 25. Ba4 Re6 26. Nc3 Nh4 27. Nxd5 Rg6 28. Bf2
Rg5 29. Kf1 Rxg2 30. Bxh4 Qxd5 31. Rc1 Nf4 0-1

[Event "24th ch-EUR Indiv 2024"]
[Site "Petrovac MNE"]
[Date "2024.11.08"]
[Round "1.82"]
[White "Blohberger, Felix"]
[Black "Djokic, Mihailo"]
[Result "1/2-1/2"]
[WhiteTitle "GM"]
[BlackTitle "FM"]
[WhiteElo "2536"]
[BlackElo "2204"]
[WhiteFideId "1632051"]
[BlackFideId "976440"]
[EventDate "2024.11.08"]

1. Nf3 d5 2. e3 Nf6 3. c4 c6 4. d4 e6 5. Bd3 Be7 6. Nbd2 O-O 7. O-O Nbd7 8. b3
b6 9. Bb2 Bb7 10. Qe2 c5 11. Rfd1 cxd4 12. exd4 dxc4 13. bxc4 Qc7 14. Rac1 Rac8
15. Bb1 Rfe8 16. Nf1 Nf8 17. Ne5 Ng6 18. Ne3 Bd6 19. Bxg6 hxg6 20. h3 Red8 21.
Ba1 Qe7 22. a4 Nh5 23. Nd3 Bb8 24. Qb2 Qg5 25. Qb5 Qh4 26. d5 Nf4 27. Qb2 f6 28.
Nxf4 Qxf4 29. g3 Qf3 30. Qd4 exd5 31. cxd5 Rxc1 32. Rxc1 Bxd5 33. Nxd5 Rxd5 34.
Qg4 Qxg4 35. hxg4 Bd6 36. Kg2 Bc5 37. Rc2 Kf7 38. Bb2 Ke6 39. Kf1 Rd3 40. a5 Kd5
41. axb6 axb6 42. g5 Rf3 43. Kg2 Rf5 44. gxf6 gxf6 45. f4 Ke6 46. Re2+ Kf7 47.
Rd2 g5 48. Kf3 gxf4 49. g4 Rg5 50. Kxf4 b5 51. Kf3 Be7 52. Rd3 b4 53. Rd4 Rb5
54. Ke2 Kg6 55. Kd3 Ra5 56. Kc4 Re5 57. Rf4 Re2 58. Bxf6 Bxf6 59. Kxb4 Be5 60.
Rc4 Kg5 61. Kc5 Bf4 62. Kd5 Re5+ 63. Kd4 Kxg4 64. Rc8 Re1 65. Rg8+ Kf3 66. Kd3
Rd1+ 67. Kc4 Ke4 68. Rg4 Rc1+ 69. Kb4 Kf5 70. Rg8 Ke6 71. Re8+ Kd5 72. Rd8+ Bd6+
73. Kb3 Rc6 74. Rh8 Rc7 75. Rd8 Ke5 76. Rh8 Ke4 77. Rh4+ Kd3 78. Rh3+ Kd2 79.
Rf3 Rc8 80. Rh3 Be5 81. Kb4 Kc2 82. Kb5 Bc3 83. Rg3 Kb3 84. Rh3 Ra8 85. Rh4 Ra5+
86. Kc6 Rg5 87. Kd6 Be1 88. Re4 Bf2 89. Ke6 Kc3 90. Kf6 Rb5 91. Ke6 Bd4 92. Re1 1/2-1/2

[Event "24th ch-EUR Indiv 2024"]
[Site "Petrovac MNE"]
[Date "2024.11.08"]
[Round "1.83"]
[White "Srdanovic, Jovana"]
[Black "Subelj, Jan"]
[Result "0-1"]
[WhiteTitle "WIM"]
[BlackTitle "GM"]
[WhiteElo "2200"]
[BlackElo "2535"]
[WhiteFideId "954810"]
[BlackFideId "14618583"]
[EventDate "2024.11.08"]

1. d4 Nf6 2. c4 e6 3. Nc3 Bb4 4. f3 d5 5. a3 Bxc3+ 6. bxc3 c6 7. e3 O-O 8. cxd5
cxd5 9. Bd3 Nc6 10. Ne2 e5 11. O-O Re8 12. Ng3 h5 13. Ra2 h4 14. Nh1 h3 15. Ng3
Be6 16. Raf2 Qd7 17. Re1 hxg2 18. Bb2 Bh3 19. Qb1 Rac8 20. a4 a6 21. Ba3 Na5 22.
Bb4 Nc4 23. Bc5 Qxa4 24. Nf5 Qd7 25. e4 b6 26. Bxc4 bxc5 27. Bxa6 Rb8 28. Qc1
Bxf5 29. exf5 exd4 30. cxd4 c4 31. Re5 Rxe5 32. dxe5 Qxf5 33. Qe3 Rb1+ 34. Kxg2
Qg6+ 35. Kh3 Rg1 0-1

[Event "24th ch-EUR Indiv 2024"]
[Site "Petrovac MNE"]
[Date "2024.11.08"]
[Round "1.84"]
[White "Quparadze, Giga"]
[Black "Garsky, Vladyslav"]
[Result "1-0"]
[WhiteTitle "GM"]
[BlackTitle "CM"]
[WhiteElo "2533"]
[BlackElo "2200"]
[WhiteFideId "13602250"]
[BlackFideId "34100270"]
[EventDate "2024.11.08"]

1. e4 c6 2. d4 d5 3. Nc3 dxe4 4. Nxe4 Nf6 5. Nxf6+ exf6 6. c3 Bd6 7. Bd3 O-O 8.
Qc2 Re8+ 9. Ne2 h5 10. Be3 Nd7 11. c4 Nf8 12. O-O-O h4 13. h3 Be6 14. Kb1 Rc8
15. Nc3 Ng6 16. c5 Bf8 17. Bxg6 fxg6 18. Qxg6 Qa5 19. d5 Bf7 20. Qf5 cxd5 21.
Nxd5 Bxc5 22. Rc1 b6 23. Rc4 Bf8 24. Nxf6+ gxf6 25. Rg4+ Bg7 26. Qxa5 bxa5 27.
Bh6 Re2 28. Rxg7+ Kf8 29. Rg5+ Ke8 30. Rxa5 Rcc2 31. b3 Bg6 32. Ka1 Rxf2 33.
Re1+ Kd7 34. Rxa7+ Kd6 35. Ra6+ Kd5 36. Bg7 Rxg2 37. Bxf6 Rge2 38. Rd1+ Rcd2 39.
Rxd2+ Rxd2 40. Bxh4 Bf5 41. Be7 Re2 42. Rd6+ Ke5 43. Rh6 Kd4 44. Bb4 Kd3 45.
Rd6+ Kc2 46. Rc6+ Kd3 47. Rc3+ Kd4 48. Rc4+ Kd3 49. h4 Rh2 50. Bd6 Re2 51. h5
Be6 52. Rc1 Bg4 53. h6 Re6 54. Bf4 Bf5 55. Kb2 1-0

[Event "24th ch-EUR Indiv 2024"]
[Site "Petrovac MNE"]
[Date "2024.11.08"]
[Round "1.85"]
[White "Gov, Guy"]
[Black "Grigoriants, Sergey"]
[Result "0-1"]
[BlackTitle "GM"]
[WhiteElo "2200"]
[BlackElo "2531"]
[WhiteFideId "2820200"]
[BlackFideId "4130804"]
[EventDate "2024.11.08"]

1. e4 c5 2. Nf3 Nc6 3. Bb5 e6 4. O-O Nge7 5. d4 cxd4 6. Nxd4 Ng6 7. Be3 Be7 8.
f4 O-O 9. Nc3 a6 10. Bxc6 bxc6 11. f5 Ne5 12. Qh5 Nc4 13. Rae1 Bf6 14. e5 Bxe5
15. f6 Bxf6 16. Ne4 Be7 17. Rf3 Qa5 18. Nf5 Qxe1+ 19. Rf1 Qxf1+ 20. Kxf1 exf5
21. Bd4 fxe4 22. b3 Na3 23. Bxg7 Kxg7 24. Qe5+ Bf6 25. Qg3+ Kh8 26. Qd6 Bg7 0-1